000 00540nam a2200181Ia 4500
008 090123s9999 xx 000 0 und d
082 _b36810
_a921.423/वाळिंबे
100 _aवाळिंबे वि.स.
245 _aहिटलर
250 _a4
260 _bमॅजेस्टिक प्रकाशन
_c2004
300 _a671+1
600 _aवाळिंबे वि.स.
630 _aहिटलर
700 _aवाळिंबे वि.स.
730 _aहिटलर
942 _cBOOK
999 _c74877
_d74877